Analýza príjmovej časti štátneho rozpočtu Slovenska v čase finančnej a hospodárskej krízy

Teoretické vymedzenie verejných príjmov a príjmov štátneho rozpočtu. Vplyv finančnej krízy na príjmy štátneho rozpočtu SR. Odhad vplyvu hospodárskej krízy na jednotlivé príjmové zložky štátneho rozpočtu SR.

Salvato in:
Dettagli Bibliografici
Autore principale: Samuelčík, Ondrej
Altri autori: Zimková, Emília
Natura: Capitolo di libro
Lingua:slovacco
Soggetti:
Tags: Aggiungi Tag
Nessun Tag, puoi essere il primo ad aggiungerne!!

MARC

LEADER 00000naa a2200000 4500
001 0120607
005 20231116103149.6
041 0 |a slo 
044 |a SK 
245 1 0 |a Analýza príjmovej časti štátneho rozpočtu Slovenska v čase finančnej a hospodárskej krízy  |c Ondrej Samuelčík, Emília Zimková 
520 |a Teoretické vymedzenie verejných príjmov a príjmov štátneho rozpočtu. Vplyv finančnej krízy na príjmy štátneho rozpočtu SR. Odhad vplyvu hospodárskej krízy na jednotlivé príjmové zložky štátneho rozpočtu SR. 
610 2 0 |a rozpočet štátny 
610 2 0 |a financie verejné 
610 2 0 |a Slovensko 
610 2 0 |a kríza hospodárska 
610 2 0 |a príjmy rozpočtu štátneho 
100 1 |a Samuelčík, Ondrej 
700 1 |a Zimková, Emília